Statistics for Countries of Asia in Pirate-Language

Click here to take the quiz!

General Stats

  • This quiz has been taken 9 times
  • The average score is 48 of 49

Answer Stats

HintAnswer% Correct
AAfofgoghohanonisostotanon
100%
AArormomenonia
100%
AAzozerorbobaijojanon
100%
BBobahohrorainon
100%
BBobanongogloladodesoshoh
100%
BBobhohutotanon
100%
BBobrorunonei
100%
CCocamombobododia
100%
CCochohinona
100%
CCocyoypoprorusos
100%
E/TEasostot Totimomoror
100%
GGogeororgogia
100%
IInondodia
100%
IInondodononesosia
100%
IIroranon
100%
IIroraqoq
100%
IIsosroraelol
100%
JJojapopanon
100%
JJojorordodanon
100%
KKokazozakokhohsostotanon
100%
KKokuwowaitot
100%
KKokyrorgogyzozsostotanon
100%
LLolaosos
100%
LLolebobanononon
100%
MMomalolayoysosia
100%
MMomaloldodivovesos
100%
MMomonongogololia
100%
MMomyanonmomaror
100%
NNonorortothoh Kokororea
100%
OOmomanon
100%
PPophohilolipoppopinonesos
100%
QQoqatotaror
100%
SSosaudodi arorabobia
100%
SSosinongogapoporore
100%
SSosoutothoh Kokororea
100%
SSosrori Lolanonkoka
100%
SSosyroria
100%
TTotajojikokisostotanon
100%
TTothohailolanondod
100%
TToturorkokey
100%
TToturorkokmomenonisostotanon
100%
UUnonitotedod arorabob emomiroratotesos
100%
UUzozbobekokisostotanon
100%
VVovietotnonamom
100%
YYoyemomenon
100%
NNonepopalol
88%
PPopakokisostotanon
88%
TTotaiwowanon
88%
PPopalolesostotinone
63%

Score Distribution

Percentile by Number Answered

Percent of People with Each Score

Your Score History

You have not taken this quiz